Ganasatru : (Record no. 34528)

MARC details
000 -LEADER
fixed length control field 02064ngm a2200373 4500
003 - CONTROL NUMBER IDENTIFIER
control field dpl
005 - DATE AND TIME OF LATEST TRANSACTION
control field 20100309141239.0
007 - PHYSICAL DESCRIPTION FIXED FIELD--GENERAL INFORMATION
fixed length control field DVD
008 - FIXED-LENGTH DATA ELEMENTS--GENERAL INFORMATION
fixed length control field ||||||sp199 xxu|||||c ||| 00| 0 ng d
010 ## - LIBRARY OF CONGRESS CONTROL NUMBER
LC control number DVD-006172-6176
024 ## - OTHER STANDARD IDENTIFIER
Terms of availability 299.00 (for set of 3 DVDs)
035 ## - SYSTEM CONTROL NUMBER
System control number DVD-006172-6176
040 ## - CATALOGING SOURCE
Original cataloging agency DPL
Transcribing agency DPL
082 ## - DEWEY DECIMAL CLASSIFICATION NUMBER
Classification number DVD GANA
245 ## - TITLE STATEMENT
Title Ganasatru :
Statement of responsibility, etc Satyajit Ray's Presents
Medium [videorecording] DVD/
Remainder of title The Enemy of the People /
260 ## - PUBLICATION, DISTRIBUTION, ETC. (IMPRINT)
Name of publisher, distributor, etc Eagle Home Entertainment
300 ## - PHYSICAL DESCRIPTION
Extent 1 videodisc DVD;
Other physical details sd., col. ;
Dimensions 4 3/4 in.
Type of unit DVD
440 ## - SERIES STATEMENT/ADDED ENTRY--TITLE
Title Eagle Video Home Entertainment
500 ## - GENERAL NOTE
General note Nominated for Oscar awards
538 ## - SYSTEM DETAILS NOTE
System details note Dolby Digital 5.1 -Bengali Subtitles: English
650 ## - SUBJECT ADDED ENTRY--TOPICAL TERM
Topical term or geographic name as entry element Motion Picture
700 ## - ADDED ENTRY--PERSONAL NAME
Personal name Ray, Satyajit
700 ## - ADDED ENTRY--PERSONAL NAME
Personal name Banaerjee, Satya
700 ## - ADDED ENTRY--PERSONAL NAME
Personal name Chaterjee, Soumitra
700 ## - ADDED ENTRY--PERSONAL NAME
Personal name Dey Dipankar
700 ## - ADDED ENTRY--PERSONAL NAME
Personal name Chaterjee, Dhritiman
942 ## - ADDED ENTRY ELEMENTS (KOHA)
Koha item type CD-ROMs, DVDs, VHS
Source of classification or shelving scheme Dewey Decimal Classification
Classification part DVD
Call number suffix GANA
Holdings
Withdrawn status Lost status Source of classification or shelving scheme Damaged status Not for loan Home library Current library Date acquired Source of acquisition Cost, normal purchase price Total Checkouts Full call number Barcode Date last seen Date checked out Copy number Cost, replacement price Price effective from Koha item type
    Dewey Decimal Classification     Central Library Central Library 09/03/2010 Pioneers/1003/28-11-09/325/13-10-09 /30-11-09 299.00 13 DVD GANA DVD-006172 15/06/2017 06/06/2017 1 299.00 09/03/2010 CD-ROMs, DVDs, VHS
    Dewey Decimal Classification     Karol Bagh Karol Bagh 09/03/2010 Pioneers/1003/28-11-09/325/13-10-09 /30-11-09 299.00 7 DVD GANA DVD-006174 03/02/2016 30/01/2016 1 299.00 09/03/2010 CD-ROMs, DVDs, VHS
    Dewey Decimal Classification     Narela Narela 09/03/2010 Pioneers/1003/28-11-09/325/13-10-09 /30-11-09 299.00 2 DVD GANA DVD-006175 05/01/2013 23/12/2012 1 299.00 09/03/2010 CD-ROMs, DVDs, VHS
    Dewey Decimal Classification     Patel Nagar Patel Nagar 09/03/2010 Pioneers/1003/28-11-09/325/13-10-09 /30-11-09 299.00 4 DVD GANA DVD-006173 20/06/2013 13/06/2013 1 299.00 09/03/2010 CD-ROMs, DVDs, VHS
    Dewey Decimal Classification     Shahdara Branch Shahdara Branch 09/03/2010 Pioneers/1003/28-11-09/325/13-10-09 /30-11-09 299.00   DVD GANA DVD-006176 09/03/2010   1 299.00 09/03/2010 CD-ROMs, DVDs, VHS

© Delhi Public Library
Hit Counter
free hit counter